Percepciones y manifestaciones de discriminación en el ámbito universitario: un punto de partida para su erradicación /

Gorde:
Xehetasun bibliografikoak
Egile nagusia: Jiménez Mata, Silvia (Autor)
Beste egile batzuk: Mena Gómez, Sileny (Autora), Preinfalk Fernández, María Luisa (Autora)
Formatua: Liburua
Hizkuntza:Spanish
Etiketak: Etiketa erantsi
Etiketarik gabe, Izan zaitez lehena erregistro honi etiketa jartzen!

MARC

LEADER 00000nam a22000007a 4500
003 cru IIS
005 20220721154238.0
007 ta
008 220721s2019 cr |||p|r|||| 00| 0 spa d
040 |c cru IIS 
100 1 |9 10604  |a Jiménez Mata, Silvia  |e Autor 
245 1 |a Percepciones y manifestaciones de discriminación en el ámbito universitario:   |b un punto de partida para su erradicación /   |c Silvia Jiménez Mata, Sileny Mena Gómez, María Luisa Preinfalk Fernández 
300 |a páginas 101-114 
500 |a Colección Centroamérica 
700 1 |9 10605  |a Mena Gómez, Sileny  |e Autora 
700 1 |9 10606  |a Preinfalk Fernández, María Luisa  |e Autora 
773 0 |0 18728  |9 7622  |a Universidad de Costa Rica.   |d San José, Costa Rica Editorial UCR 1959-  |o 23629  |t Revista de Ciencias Sociales/  |x 04825276 
942 |2 ddc  |c PP 
999 |c 44416  |d 44416